UM Logo

A novel synchronous rectifier driving scheme for LLC converter based on secondary rectification current emulation / (Record no. 18960)

MARC details
000 -LEADER
fixed length control field 00842nam a22001817a 4500
005 - DATE AND TIME OF LATEST TRANSACTION
control field 20250911174101.0
008 - FIXED-LENGTH DATA ELEMENTS--GENERAL INFORMATION
fixed length control field 240207b ||||| |||| 00| 0 eng d
082 ## - DEWEY DECIMAL CLASSIFICATION NUMBER
Classification number DPer 621.381 In821 April 2022 v. 37 n. 4
100 ## - MAIN ENTRY--PERSONAL NAME
Personal name Yu, Haiming.
Relator term author.
9 (RLIN) 51647
245 ## - TITLE STATEMENT
Title A novel synchronous rectifier driving scheme for LLC converter based on secondary rectification current emulation /
Statement of responsibility, etc. Haiming Yu, Sen Xu, and Hanjing Dong.
260 ## - PUBLICATION, DISTRIBUTION, ETC. (IMPRINT)
Place of publication, distribution, etc. New York ;
Name of publisher, distributor, etc. The Institute of Electrical and Electronics Engineers, Inc. ,
Date of publication, distribution, etc. April 2022.
300 ## - PHYSICAL DESCRIPTION
Extent Volume 37, pages 3825-3835 :
Other physical details illustration ;
Dimensions 28 cm.
521 ## - TARGET AUDIENCE NOTE
Target audience note IEEE Transaction on Power Electronics, vol. 37, no. 4, pages 3825-3835, April 2022.
700 ## - ADDED ENTRY--PERSONAL NAME
Personal name Yu, Haiming.
Relator term author.
9 (RLIN) 51647
700 ## - ADDED ENTRY--PERSONAL NAME
Personal name Xu, Sen.
Relator term author.
9 (RLIN) 51648
700 ## - ADDED ENTRY--PERSONAL NAME
Personal name Dong, Hanjing.
Relator term author.
9 (RLIN) 51649
942 ## - ADDED ENTRY ELEMENTS (KOHA)
Source of classification or shelving scheme Dewey Decimal Classification
Koha item type Periodicals
Holdings
Withdrawn status Lost status Source of classification or shelving scheme Damaged status Not for loan Collection code Home library Current library Date acquired Total Checkouts Full call number Date last seen Price effective from Koha item type Public note
    Dewey Decimal Classification     Periodicals UM Digos College - LIC UM Digos College - LIC 02/07/2024   DPer 621.381 In821 April 2022 v. 37 n. 4 02/07/2024 02/07/2024 Periodicals Periodical Article